| 000 | 01360nam0a22003131 4500 | ||
|---|---|---|---|
| 001 | v19\rc\1753918 | ||
| 005 | 20250619115801.0 | ||
| 035 | _a(NLR Aleph) 004895425 | ||
| 090 |
_a5316286 _c5316286 |
||
| 100 | _a20061204e19021901|||y0rusy50 ca | ||
| 101 | 1 |
_arus _cger |
|
| 102 | _aRU | ||
| 105 | _ay z ||||| | ||
| 200 | 1 |
_aХронический перелой и его отношение к половому бессилию _e(С излож. эндоскоп. данных) _f[Соч.] Dr'а M. Schönfeld'а _gПер. с нем. д-ра мед. И.М. Гольденберга |
|
| 210 |
_aСанкт-Петербург _cЖурн. дерматологии и сифилидологии _d1902 |
||
| 215 |
_a42 с. _d21 |
||
| 311 | _aОтт. из "Журн. дерматологии и сифилидологии". 1901, т. 1, № 5 | ||
| 320 | _aБиблиогр.: с. 42 | ||
| 488 | 0 |
_12001#$aЖурнал дерматологии и сифилидологии$v1901, т. 1, № 5 _tЖурнал дерматологии и сифилидологии |
|
| 700 | 1 |
_aШенфельд _bМ. |
|
| 702 | 1 |
_aГольденберг _bИ.М. _4730 |
|
| 801 | 0 |
_aRU _bNLR _gpsbo |
|
| 801 | 0 |
_aRU _bRuMoRGB _2psbo |
|
| 801 | 1 |
_aRU _bProSoft-M _2rusmarc |
|
| 852 |
_aNLR _j18.335.2.145 |
||
| 899 |
_aRuMoRGB _jF 76/91 |
||
| 899 | _aБАН | ||
| 942 | _cBOOK | ||
| 980 | _aNB | ||